00741nam a22002297a 4500999001500000001000600015003000900021005001700030008004100047020001800088040002800106082002000134100002600154245004200180260005400222300002300276600003800299650001900337650002500356942001200381952011800393 c3982d398218466BD-DhUAP20200316104117.0200316r20001964enk b 000 0 eng d a9780141183497 aDLCcDLCbEngdBD-DhUAP00a831.912 RIL223 a Rilke, Rainer Maria.10aSelected poems /cRainer Maria Rilke. aLondon :bPenguin Books,cc1964 [Reprinted 2000]. a93 pages ;c20 cm.10aRilke, Rainer Maria,d 1875-1926. aGerman poetry. aGermanic literature. 2ddccBK 00102ddc4070aUAPCLbUAPCLcGeneral Stacksd2020-03-16o831.912 RILp3010018466r2020-03-16t1w2020-03-16yBK